000
00317nam a2200133Ia 4500
008
150201s2014 xx 000 0 und d
082
_a
617.5
_b
M1996H
100
_a
HOWE ,GEOFFREY.L
245
_a
MINOR ORALSURGERY
250
_a
3RD
260
_b
VARGHESE PUBLICATION
650
_a
ORAL SURGERY
942
_2
ddc
_c
BK
_0
18
999
_c
4832
_d
4832